00916nam a22002897a 4500001000400000003000600004005001700010008004100027040002900068050000800097082001000105100003300115245005700148260003200205300001800237490001700255490002200272505000600294520015800300521001900458521001800477650004500495700001400540800003300554830002200587830001700609284FISKH20230316131153.0230316b cb ||||| |||| 00| 0 eng d aFISKHbengcFISKHdFISKH aPZ7 a823.3 aOdgers, Sally Farrelld1957- aTeam song /cby Sally Odgers illustrated by Mat Lin. aSingaporebScholasticc2009 a61 p.c19 cm. aSpace Sports aOut of this world aN aJenna is a gun 3D player. Her twin brother Jaff just wants to make music together - and they just got their big break. Sport or music? It's a tough call.8 a700 bLexile8 aN bRaz-Plus aInterplanetary voyagesvJuvenile Fiction aLin, Matt aOdgers, Sally Farrelld1957- aOut of this world aSpace sports